| 000 | 00527cam a2200217ua 4500 | ||
|---|---|---|---|
| 001 | 8008 | ||
| 008 | 150105n ii |||gr||||Z||||||eng | ||
| 020 | _a9780070588332 | ||
| 040 | _cMAIN | ||
| 041 | _aeng | ||
| 082 | _a006.7 | ||
| 100 |
_aParekh, R., _eAuthor. |
||
| 245 | 1 |
_aPrinciples of multimedia _cBy Ranjan Parekh |
|
| 250 | _a1st. | ||
| 260 |
_aNew Delhi: _bTata, _c2011. |
||
| 300 | _axxix,727p. | ||
| 653 | _aSpecial computer methods | ||
| 653 | _aPrinciples of multimedia | ||
| 653 | _aMultimedia | ||
| 942 | _cBK | ||
| 999 |
_c7126 _d7126 |
||